FUNDAMENTAL OF NURSING (Record no. 2205)

MARC details
000 -LEADER
fixed length control field 00300nam a2200133Ia 4500
008 - FIXED-LENGTH DATA ELEMENTS--GENERAL INFORMATION
fixed length control field 150201s2012 xx 000 0 und d
082 ## - DEWEY DECIMAL CLASSIFICATION NUMBER
Classification number 610.73
Item number F12T
100 ## - MAIN ENTRY--PERSONAL NAME
Personal name TNAI
245 ## - TITLE STATEMENT
Title FUNDAMENTAL OF NURSING
260 ## - PUBLICATION, DISTRIBUTION, ETC. (IMPRINT)
Name of publisher, distributor, etc. TNAI
Place of publication, distribution, etc. INDIA
Date of publication, distribution, etc. 2012
300 ## - PHYSICAL DESCRIPTION
Extent 700
650 ## - SUBJECT ADDED ENTRY--TOPICAL TERM
Topical term or geographic name as entry element NURSING
942 ## - ADDED ENTRY ELEMENTS (KOHA)
Source of classification or shelving scheme Dewey Decimal Classification
Koha item type Books
Koha issues (borrowed), all copies 3
Holdings
Withdrawn status Lost status Source of classification or shelving scheme Damaged status Not for loan Collection code Home library Current library Shelving location Date acquired Source of acquisition Cost, normal purchase price SGTU Bill Number Total Checkouts Full call number Barcode Date last seen Date last checked out Bill Date Koha item type
weeded-out   Dewey Decimal Classification     NURSING SGT Medical Library SGT Medical Library Text Book 06/07/2014 ABC DELHI 575.00 SGTU 4669 23 610.73 F12T FN1544 28/09/2018 17/09/2018 06/07/2014 Books
    Dewey Decimal Classification     NURSING SGT Medical Library SGT Medical Library Text Book 06/07/2014 ABC DELHI 575.00 SGTU 4669 4 610.73 F12T FN1545 15/01/2024 20/12/2023 06/07/2014 Books
    Dewey Decimal Classification     NURSING SGT Medical Library SGT Medical Library Text Book 06/07/2014 ABC DELHI 575.00 SGTU 4669 17 610.73 F12T FN1546 28/06/2024 28/06/2024 06/07/2014 Books
    Dewey Decimal Classification     NURSING SGT Medical Library SGT Medical Library Text Book 06/07/2014 ABC DELHI 575.00 SGTU 4669   610.73 F12T FN1547 09/02/2015   06/07/2014 Books
    Dewey Decimal Classification     NURSING SGT Medical Library SGT Medical Library Text Book 06/07/2014 ABC DELHI 575.00 SGTU 4669 27 610.73 F12T FN1548 16/01/2021 28/12/2020 06/07/2014 Books